Nová energetická legislatíva
Nová energetická legislatíva na Slovensku od 1. 1. 2005 - zákon č. 656/2004 Z.z. o energetike, zákon č. 657/2004 Z.z. o tepelnej energetike, zákon č. 658/2004 Z.z. o regulácii v sieťových odvetviach. Novelizované zákony transponujú do právneho poriadku SR smernice EÚ.
Guardado en:
| Autor principal: | |
|---|---|
| Formato: | Capítulo de libro |
| Lenguaje: | eslovaco |
| Materias: | |
| Etiquetas: |
Sin Etiquetas, Sea el primero en etiquetar este registro!
|
MARC
| LEADER | 00000naa$a2200000$$$4500 | ||
|---|---|---|---|
| 001 | 0026114 | ||
| 005 | 20230919100337.4 | ||
| 041 | 0 | |a slo | |
| 044 | |a SK | ||
| 245 | 1 | 0 | |a Nová energetická legislatíva |c Boris Balog |
| 520 | |a Nová energetická legislatíva na Slovensku od 1. 1. 2005 - zákon č. 656/2004 Z.z. o energetike, zákon č. 657/2004 Z.z. o tepelnej energetike, zákon č. 658/2004 Z.z. o regulácii v sieťových odvetviach. Novelizované zákony transponujú do právneho poriadku SR smernice EÚ. | ||
| 610 | 2 | 0 | |a energetika |
| 610 | 2 | 0 | |a energia tepelná |
| 610 | 2 | 0 | |a energia elektrická |
| 610 | 2 | 0 | |a regulácia |
| 610 | 2 | 0 | |a odvetvia sieťové |
| 610 | 2 | 0 | |a zákony |
| 610 | 2 | 0 | |a Slovensko |
| 610 | 2 | 0 | |a 2004 |
| 100 | 1 | |a Balog, Boris | |